Normal view
MARC view
Entry Personal Name
001 - CONTROL NUMBER
- control field: 22836
003 - CONTROL NUMBER IDENTIFIER
- control field: ARRUPE
005 - DATE AND TIME OF LATEST TRANSACTION
- control field: 20160309083711.0
008 - FIXED-LENGTH DATA ELEMENTS
- fixed length control field: 160309|| aca||aabn | a|a d
040 ## - CATALOGING SOURCE
- Original cataloging agency: ARRUPE
- Transcribing agency: ARRUPE
100 ## - HEADING--PERSONAL NAME
- Personal name: Troyat, Henri,
- Dates associated with a name: 1911-2007.
670 ## - SOURCE DATA FOUND
- Source citation: Work cat.: (ARRUPE)0: Troyat, Henri, 1911-2007., Sophie ou la Fin des combats., 1963.